000 00453nam a22001577a 4500
005 20251110095308.0
008 251110b |||||||| |||| 00| 0 eng d
020 _a979-8-88715-097-0
100 _aWESTON, RACHEL SMITH
245 _aJOURNALISM ETICS AND MASS MANAGEMENT
260 _aDUBLIN
_bORYSON PRESS
_c2023
300 _aVI, 282P.
500 _aINCLUDES INDEX
650 _a1. JOURNALISM - ETHICS 2. MASS MEDIA - MANAGEMENT
942 _2lcc
_cBK
999 _c216145
_d216145